5 communes les plus peuplées par département - Statistiques

Statistiques générales
  • Ce quiz a été pris 290 fois
    286 depuis la dernière actualisation
  • Le résultat moyen est 193 sur 500
Statistiques - réponses
Hint Réponse % Correct
1. Ain Bourg en Bresse
89%
4. Meurthe et Moselle Toul
87%
1. Bouches du Rhône Marseille
85%
1. Alpes Maritimes Nice
85%
1. Nord Lille
84%
1. Finistère Brest
83%
1. Ille et Vilaine Rennes
82%
1. Calvados Caen
81%
1. Isère Grenoble
81%
1. Loire Atlantique Nantes
81%
1. Gard Nîmes
81%
1. Haute Garonne Toulouse
81%
1. Drôme Valence
81%
1. Corse du Sud Ajaccio
80%
1. Hérault Montpellier
80%
1. Haute Corse Bastia
79%
1. Gironde Bordeaux
79%
1. Vendée La Roche sur Yon
79%
1. Rhône Lyon
79%
2. Seine Maritime Rouen
79%
1. Bas Rhin Strasbourg
79%
1. Var Toulon
79%
1. Indre et Loire Tours
79%
3. Aisne Laon
78%
1. Charente Maritime La Rochelle
78%
1. Somme Amiens
77%
1. Doubs Besançon
77%
1. Ardennes Charleville Mézières
77%
2. Haut Rhin Colmar
77%
2. Finistère Quimper
77%
1. Marne Reims
77%
3. Alpes Maritimes Cannes
76%
1. Côte d'Or Dijon
76%
4. Nord Dunkerque
76%
1. Moselle Metz
76%
1. Pyrénées Atlantiques Pau
76%
1. Pyrénées Orientales Perpignan
76%
1. Loire Saint Etienne
76%
2. Bouches du Rhône Aix en Provence
75%
1. Cantal Aurillac
75%
1. Puy de Dôme Clermont Ferrand
75%
1. Hautes Alpes Gap
75%
1. Seine Maritime Le Havre
75%
1. Sarthe Le Mans
75%
1. Meurthe et Moselle Nancy
75%
1. Côtes d'Armor Saint Brieuc
75%
2. Corrèze Tulle
75%
1. Maine et Loire Angers
74%
1. Savoie Chambéry
74%
1. Eure et Loir Chartres
74%
1. Indre Châteauroux
74%
1. Loiret Orléans
74%
1. Aveyron Rodez
74%
2. Morbihan Vannes
74%
1. Charente Angoulême
73%
1. Haute Savoie Annecy
73%
1. Cher Bourges
73%
1. Pas de Calais Calais
73%
2. Aude Carcassonne
73%
1. Haute Vienne Limoges
73%
3. Allier Moulins
73%
1. Haut Rhin Mulhouse
73%
1. Vienne Poitiers
73%
1. La Réunion | 1. Seine Saint Denis Saint Denis
73%
2. Ille et Vilaine Saint Malo
73%
2. Allier Vichy
73%
1. Vaucluse Avignon
72%
1. Aisne Saint Quentin
72%
1. Territoire de Belfort Belfort
71%
2. Marne Chalôns sur Marne
71%
1. Morbihan Lorient
71%
1. Landes Mont de Marsan
71%
1. Deux Sèvres Niort
71%
1. Aube Troyes
71%
2. Hérault Béziers
70%
2. Alpes de Haute Provence Digne les Bains
70%
1. Eure Evreux
70%
1. Creuse Guéret
70%
1. Mayenne Laval
70%
1. Dordogne Périgueux
70%
1. Yvelines Versailles
70%
2. Rhône Villeurbanne
70%
1. Lot et Garonne Agen
69%
1. Oise Beauvais
69%
4. Pyrénées Atlantiques Biarritz
69%
2. Ariège Foix
69%
1. Tarn et Garonne Montauban
69%
1. Nièvre Nevers
69%
2. Nord Roubaix
69%
1. Tarn Albi
68%
3. Pas de Calais Arras
68%
1. Gers Auch
68%
1. Corrèze Brive la Gaillarde
68%
1. Manche Cherbourg Octeville
68%
3. Bouches du Rhône Arles
67%
1. Yonne Auxerre
67%
1. Loir et Cher Blois
67%
1. Vosges Epinal
67%
2. Saône et Loire Macôn
67%
1. Allier Montluçon
67%
1. Aude Narbonne
67%
2. Manche Saint Lô
67%
2. Loire Atlantique Saint Nazaire
67%
1. Orne Alençon
66%
2. Pyrénées Atlantiques Bayonne
66%
1. Essonne Evry
66%
2. Alpes Maritimes Antibes
65%
2. Meuse Bar le Duc
65%
1. Lozère Mende
65%
2. Ain Oyonnax
65%
1. Hautes Pyrénées Tarbes
65%
1. Haute Loire Le Puy en Velay
64%
2. Jura Lons le Saunier
64%
1. Lot Cahors
63%
2. Val de Marne Créteil
63%
3. Seine et Marne Melun
63%
2. Hauts de Seine Nanterre
63%
3. Hérault Sète
63%
3. Nord Tourcoing
63%
2. Gard Alès
61%
2. Pas de Calais Boulogne sur Mer
61%
2. Landes Dax
61%
5. Loir et Cher Mer
61%
2. Ardennes Sedan
61%
1. Haute Saône Vesoul
61%
3. Haute Savoie Annemasse
60%
2. Côte d'Or Beaune
60%
2. Haute Marne Chaumont
60%
5. Pas de Calais Lens
60%
2. Aveyron Millau
60%
2. Hautes Alpes Briançon
59%
2. Tarn Castres
59%
3. Var Hyères
59%
2. Drôme Montélimar
59%
2. Vaucluse Orange
59%
2. Corse du Sud Porto Vecchio
59%
3. La Réunion Saint Pierre
59%
1. Meuse Verdun
59%
1. Guyane Cayenne
58%
2. Maine et Loire Cholet
58%
4. Var Fréjus
58%
2. Gironde Merignac
58%
1. Hauts de Seine Boulogne Billancourt
57%
5. Haute Corse Calvi
57%
4. Haute Corse Corte
57%
1. Jura Dole
57%
2. Loire Roanne
57%
2. Charente Maritime Saintes
57%
4. Alpes Maritimes Grasse
56%
4. Bouches du Rhône Martigues
56%
2. Seine et Marne Meaux
56%
3. Charente Maritime Rochefort
56%
2. Dordogne Bergerac
55%
2. Val d'Oise Cergy
55%
1. Martinique Fort de France
55%
5. Vendée Les Sables d'Olonne
55%
2. Hautes Pyrénées Lourdes
55%
2. Aisne Soissons
55%
2. Haute Savoie Thonon les Bains
55%
3. Rhône Vénissieux
55%
2. Cher Vierzon
55%
1. Saône et Loire Chalon sur Saône
54%
2. Charente Cognac
54%
2. Doubs Montbéliard
54%
5. Bouches du Rhône Aubagne
53%
2. Oise Compiègne
53%
2. Mayenne Mayenne
53%
2. Moselle Thionville
53%
1. Val d'Oise Argenteuil
52%
3. Seine Maritime Dieppe
52%
2. Eure et Loir Dreux
52%
1. Mayotte Mamoudzou
52%
3. Somme Albert
51%
3. Oise Creil
51%
5. Var Draguignan
51%
3. Gironde Pessac
51%
4. Charente Maritime Royan
51%
2. La Réunion Saint Paul
51%
3. Ille et Vilaine Fougères
50%
2. Côtes d'Armor Lannion
50%
5. Finistère Morlaix
50%
1. Ariège Pamiers
50%
3. Drôme Romans sur Isère
50%
2. Yonne Sens
50%
4. Isère Vienne
50%
5. Nord Villeneuve d'Ascq
50%
2. Somme Abbeville
49%
2. Savoie Aix les Bains
49%
3. Vaucluse Carpentras
49%
2. Vienne Châtellerault
49%
1. Alpes de Haute Provence Manosque
49%
2. Seine Saint Denis Montreuil
49%
3. Savoie Albertville
47%
5. Calvados Bayeux
47%
5. Haute Garonne Blagnac
47%
4. Aisne Château Thierry
47%
3. Isère Echirolles
47%
2. Var La Seyne sur Mer
47%
3. Calvados Lisieux
47%
4. Haute Marne Nogent
47%
1. Haute Marne Saint Dizier
47%
2. Cantal Saint Flour
47%
3. Maine et Loire Saumur
47%
3. Finistère Concarneau
46%
4. Hérault Agde
45%
3. Seine Saint Denis Aubervilliers
45%
3. Saône et Loire Le Creusot
45%
3. Yvelines Mantes la Jolie
45%
3. Doubs Pontarlier
45%
3. Puy de Dôme Riom
45%
3. Marne Epernay
44%
5. Ain Gex
44%
2. Bas Rhin Haguenau
44%
1. Ardèche Annonay
43%
5. Isère Bourgoin Jallieu
43%
2. Lot Figeac
43%
5. Manche Granville
42%
2. Indre et Loire Joué lès Tours
42%
4. Hautes Pyrénées Argelès Gazost
41%
2. Ardèche Aubenas
41%
5. Alpes Maritimes Cagnes sur Mer
41%
2. Gers Condom
41%
5. Moselle Forbach
41%
2. Creuse La Souterraine
41%
2. Vosges Saint Dié des Vosges
41%
3. Val d'Oise Sarcelles
41%
3. Dordogne Sarlat la Canéda
41%
1. Val de Marne Vitry sur Seine
41%
4. Loire Atlantique Rezé
40%
3. Alpes de Haute Provence Sisteron
40%
3. Corrèze Ussel
40%
2. Lot et Garonne Villeneuve sur Lot
40%
5. Seine Saint Denis Drancy
39%
2. Indre Issoudun
39%
3. Meurthe et Moselle Lunéville
39%
4. Moselle Sarreguemines
39%
4. Rhône Vaulx en Velin
39%
4. Aude Castelnaudary
38%
2. Sarthe La Flèche
38%
3. Pyrénées Atlantiques Anglet
37%
4. Guyane Kourou
37%
3. Jura Saint Claude
37%
2. Guyane Saint Laurent du Maroni
37%
4. Gironde Talence
37%
3. Loir et Cher Vendôme
37%
4. Seine Saint Denis Aulnay sous Bois
36%
3. Val de Marne Champigny sur Marne
36%
4. Hauts de Seine Colombes
36%
3. Hauts de Seine Courbevoie
36%
3. Haute Marne Langres
36%
4. Indre Le Blanc
36%
4. La Réunion Le Tampon
36%
4. Haute Garonne Muret
36%
3. Loire Atlantique Saint Herblain
36%
5. Bas Rhin Sélestat
36%
3. Creuse Aubusson
35%
2. Essonne Corbeil Essonnes
35%
3. Ardennes Rethel
35%
2. Loir et Cher Romorantin Lanthenay
35%
5. Rhône Saint Priest
35%
5. Hauts de Seine Asnières sur Seine
34%
4. Haute Loire Brioude
34%
2. Haute Garonne Colomiers
34%
5. Puy de Dôme Issoire
34%
3. Lot et Garonne Marmande
34%
5. Loire Montbrison
34%
5. Oise Senlis
34%
2. Deux Sèvres Bressuire
33%
1. Seine et Marne Chelles
33%
5. Val de Marne Ivry sur Seine
33%
5. Aude Limoux
33%
3. Essonne Massy
33%
3. Deux Sèvres Parthenay
33%
3. Loire Saint Chamond
33%
4. Yvelines Saint Germain en Laye
33%
5. Corse du Sud Sartène
33%
4. Aveyron Villefranche de Rouergue
33%
3. Haute Loire Yssingeaux
33%
5. Pyrénées Atlantiques Hendaye
32%
4. Finistère Landerneau
32%
3. Ariège Saint Girons
32%
3. Haut Rhin Saint Louis
32%
1. Guadeloupe Les Abymes
31%
5. Hérault Lunel
31%
3. Haute Saône Lure
31%
2. Isère Saint Martin d'Hères
31%
4. Ardèche Tournon sur Rhône
31%
4. Calvados Vire
31%
5. Ille et Vilaine Vitré
31%
3. Ain Ambérieu en Bugey
30%
5. Saône et Loire Autun
29%
2. Tarn et Garonne Castelsarrasin
29%
4. Eure et Loir Châteaudun
29%
2. Nièvre Cosne Cours sur Loire
29%
3. Hautes Alpes Embrun
29%
3. Morbihan Lanester
29%
4. Saône et Loire Montceau les Mines
29%
3. Haute Garonne Tournefeuille
29%
2. Meurthe et Moselle Vandoeuvre lès Nancy
29%
4. Yonne Avallon
28%
3. Sarthe Sablé sur Sarthe
28%
2. Yvelines Sartrouville
28%
3. Orne Argentan
27%
3. Landes Biscarosse
27%
4. Drôme Bourg lès Valence
27%
4. Vaucluse Cavaillon
27%
3. Vosges Gérardmer
27%
3. Vendée Les Herbiers
27%
4. Val de Marne Saint Maur des Fossés
27%
4. Indre et Loire Saint Pierre des Corps
27%
3. Bas Rhin Schiltigheim
27%
2. Eure Vernon
27%
4. Marne Vitry le François
26%
3. Hautes Pyrénées Bagnères de Bigorre
25%
4. Bas Rhin Illkirch Graffenstaden
25%
5. Cantal Mauriac
25%
3. Moselle Montigny lès Metz
25%
4. Seine Maritime Sotteville lès Rouen
25%
4. Gard Beaucaire
24%
4. Ain Bellegarde sur Valserine
24%
2. Haute Corse Borgo
23%
3. Mayenne Château Gontier
23%
3. Tarn Gaillac
23%
5. Yvelines Poissy
23%
4. Seine et Marne Pontault Combault
23%
5. Aveyron Saint Affrique
23%
3. Cher Saint Amand Montrond
23%
2. Pyrénées Orientales Canet en Roussillon
22%
3. Meuse Commercy
22%
5. Gard Saint Gilles
22%
5. Pyrénées Orientales Argelès sur Mer
21%
3. Gard Bagnols sur Cèze
21%
3. Côte d'Or Chenôve
21%
4. Loire Firminy
21%
5. Ardennes Givet
21%
3. Lot Gourdon
21%
2. Lozère Marvejols
21%
3. Tarn et Garonne Moissac
21%
2. Loiret Olivet
21%
3. Corse du Sud Propriano
21%
5. La Réunion Saint André
21%
5. Seine Maritime Saint Etienne du Rouvray
21%
5. Savoie Saint Jean de Maurienne
21%
2. Calvados Hérouville Saint Clair
20%
3. Aude Lézignan Corbières
20%
5. Guyane Remire Montjoly
20%
5. Vienne Saint Benoît
20%
2. Haute Vienne Saint Junien
20%
2. Vendée Challans
19%
4. Jura Champagnole
19%
2. Puy de Dôme Cournon d'Auvergne
19%
2. Orne Flers
19%
4. Côtes d'Armor Lamballe
19%
4. Pas de Calais Liévin
19%
4. Haute Saône Luxeuil les Bains
19%
4. Somme Péronne
19%
4. Essonne Savigny sur Orge
19%
5. Ardèche Le Teil
18%
5. Allier Yzeure
18%
2. Territoire de Belfort Delle
17%
3. Loiret Fleury les Aubrais
17%
5. Haute Saône Gray
17%
4. Ariège Lavelanet
17%
2. Martinique Le Lamentin
17%
3. Gers L'Isle Jourdain
17%
3. Eure Louviers
17%
5. Vosges Remiremont
17%
3. Lozère Saint Chély d'Apcher
16%
4. Pyrénées Orientales Saint Cyprien
16%
4. Puy de Dôme Chamalières
15%
5. Morbihan Hennebont
15%
2. Haute Saône Héricourt
15%
5. Haute Marne Joinville
15%
2. Haute Loire Monistrol sur Loire
15%
4. Oise Nogent sur Oise
15%
5. Côte d'Or Talant
15%
4. Deux Sèvres Thouars
15%
4. Ille et Vilaine Bruz
14%
3. Mayotte Dzaoudzi
14%
4. Lozère Langogne
14%
3. Aveyron Onet le Château
14%
5. Gironde Villenave d'Ornon
14%
3. Indre Déols
13%
4. Gers Fleurance
13%
3. Ardèche Guilherand Granges
13%
3. Yonne Joigny
13%
4. Orne L'Aigle
13%
5. Vaucluse Pertuis
13%
2. Aube Romilly sur Seine
13%
3. Charente Soyaux
13%
5. Hautes Alpes Veynes
13%
3. Haute Corse Biguglia
12%
5. Tarn Lavaur
12%
4. Guadeloupe Sainte Anne
12%
5. Seine et Marne Savigny le Temple
12%
4. Doubs Audincourt
11%
5. Eure Gisors
11%
5. Sarthe La Ferté Bernard
11%
3. Indre et Loire Saint Cyr sur Loire
11%
5. Essonne Sainte Geneviève des Bois
11%
5. Loire Atlantique Saint Sebastien sur Loire
11%
4. Eure Val de Reuil
11%
4. Creuse Bourganeuf
10%
4. Tarn Graulhet
10%
3. Eure et Loir Lucé
10%
5. Jura Morez
10%
4. Morbihan Ploemeur
10%
4. Landes Saint Paul lès Dax
10%
4. Maine et Loire Trélazé
10%
3. Nièvre Varennes Vauzelles
10%
4. Haute Savoie Annecy le Vieux
9%
3. Cantal Arpajon sur Cère
9%
3. Vienne Buxerolles
9%
4. Nièvre Decize
9%
5. Val d'Oise Franconville
9%
4. Lot Gramat
9%
2. Mayotte Koungou
9%
5. Nièvre La Charité sur Loire
9%
4. Savoie La Motte Servolex
9%
4. Hautes Alpes Laragne Montéglin
9%
4. Alpes de Haute Provence Oraison
9%
5. Drôme Pierrelatte
9%
5. Ariège Saverdun
9%
5. Doubs Valentigney
9%
4. Sarthe Allonnes
8%
5. Dordogne Boulazac
8%
5. Alpes de Haute Provence Château Arnoux Saint Auban
8%
4. Allier Cusset
8%
5. Charente La Couronne
8%
4. Vendée Olonne sur Mer
8%
4. Ardennes Revin
8%
5. Maine et Loire Avrillé
7%
4. Côte d'Or Chevigny Saint Sauveur
7%
5. Mayenne Evron
7%
3. Aube La Chapelle Saint Luc
7%
4. Lot et Garonne Le Passage
7%
4. Vienne Loudun
7%
5. Yonne Migennes
7%
3. Pyrénées Orientales Saint Estève
7%
4. Meuse Saint Mihiel
7%
5. Haute Savoie Seynod
7%
5. Landes Tarnos
7%
5. Lot et Garonne Tonneins
7%
5. Eure et Loir Vernouillet
7%
5. Charente Maritime Aytré
6%
4. Tarn et Garonne Caussade
6%
5. Gers Eauze
6%
3. Guadeloupe Le Gosier
6%
3. Martinique Le Robert
6%
5. Tarn et Garonne Montech
6%
3. Côtes d'Armor Plérin
6%
4. Loiret Saint Jean de Braye
6%
4. Martinique Schoelcher
6%
5. Marne Tinqueux
6%
4. Loir et Cher Vineuil
6%
5. Haut Rhin Wittenheim
6%
2. Guadeloupe Baie Mahault
5%
4. Haut Rhin Illzach
5%
5. Haute Vienne Isle
5%
5. Lozère La Canourgue
5%
4. Corrèze Malemort
5%
3. Guyane Matoury
5%
5. Deux Sèvres Mauléon
5%
3. Haute Vienne Panazol
5%
5. Côtes d'Armor Ploufragan
5%
5. Indre et Loire Saint Avertin
5%
5. Lot Saint-Céré
5%
5. Aisne Ternier
5%
5. Meurthe et Moselle Villers lès Nancy
5%
5. Somme Doullens
4%
4. Vosges Golbey
4%
4. Cher Saint Doulchard
4%
5. Creuse Sainte Feyre
4%
5. Haute Loire Sainte Sigolène
4%
4. Corse du Sud Bastelicaccia
3%
4. Haute Vienne Couzeix
3%
4. Val d'Oise Garge lès Gonesse
3%
5. Orne La Ferté Macé
3%
5. Cher Mehun sur Yèvre
3%
4. Mayenne Saint Berthevin
3%
5. Aube Sainte Savine
3%
4. Territoire de Belfort Beaucourt
2%
5. Martinique Le François
2%
4. Charente Ruelle sur Touvre
2%
5. Corrèze Saint Pantaléon de Larche
2%
4. Manche Tourlaville
2%
3. Territoire de Belfort Valdoie
2%
4. Cantal Ytrac
2%
5. Territoire de Belfort Bavilliers
1%
4. Dordogne Coulounieix Chamiers
1%
5. Hautes Pyrénées Juillan
1%
5. Indre Le Poinçonnet
1%
5. Meuse Ligny en Barrois
1%
5. Guadeloupe Petit Bourg
1%
4. Aube Saint André des Vergers
1%
5. Loiret Saint Jean de la Ruelles
1%
5. Mayotte Bandraboua
0%
4. Mayotte Dembéni
0%
3. Manche Equeudreville Hainneville
0%
Aucun quiz correspondant
Distribution des résultats
% des personnes avec chaque résultat
Percentile par nombre de réponses
Votre historique - résultats
Vous n’avez pas pris ce quiz depuis la dernière actualisation